| 000 | 00730nam a22001937a 4500 | ||
|---|---|---|---|
| 999 |
_c12753 _d12753 |
||
| 003 | AR-CdUCM | ||
| 008 | 190410b ||||| |||| 00| 0 spa d | ||
| 040 |
_aMUNICIPALIDAD PROVINCIAL DEL CUSCO _cBIBLIOTECA MUNICIPAL DEL CUSCO |
||
| 082 |
_a346.4 / _bCH19 |
||
| 100 |
_aChandias, Mario e. _930794 |
||
| 245 | _aTasación de inmuebles urbanos / | ||
| 260 |
_aBuenos aires : _bAlsina, _c1954. |
||
| 300 |
_a242 páginas ; _c20 cm. |
||
| 505 | _aContenido :Objeto y principios de la tasación -- El valor de la tierra -- Influencia de las dimensiones -- El valor de las construcciones -- La renta y el método indirecto ... | ||
| 650 |
_aTasaciones _930795 |
||
| 650 |
_aRenta anual _930796 |
||
| 942 |
_2ddc _cLIBROS |
||
| 945 | _arum | ||